Landkreise und kreisfreie Städte in Bayern - Statistiken

Allgemein
  • Dieses Quiz wurde 35.131 mal gespielt
    10.372 seit der letzten Aktualisierung
  • Das Durchschnittsergebnis liegt bei 60 aus 96
Antworten auf der Karte
Die Antworten werden auf der Karte rot bzw. grün angezeigt, abhängig davon wie oft sie richtig erraten wurden.
 
Antwortstatistiken
Art Landkreis / Kreisfreie Stadt % Korrekt
LK München
97%
S München
97%
S Nürnberg
95%
LK Nürnberger Land
95%
LK Augsburg
91%
S Augsburg
91%
LK Regen
90%
LK Passau
87%
S Passau
87%
LK Regensburg
87%
S Regensburg
87%
LK Würzburg
87%
S Würzburg
87%
LK Fürth
85%
S Fürth
85%
S Ingolstadt
84%
LK Bamberg
81%
S Bamberg
81%
LK Bayreuth
81%
S Bayreuth
81%
LK Aschaffenburg
80%
S Aschaffenburg
80%
LK Hof
80%
S Hof
80%
LK Erlangen-Höchstadt
79%
LK Rosenheim
79%
S Rosenheim
79%
S Erlangen
78%
LK Garmisch-Partenkirchen
77%
LK Landshut
73%
S Landshut
73%
LK Neu-Ulm
73%
S Kempten (Allgäu)
72%
LK Schweinfurt
70%
S Schweinfurt
70%
LK Ansbach
68%
S Ansbach
68%
LK Berchtesgadener Land
67%
LK Coburg
67%
S Coburg
67%
LK Lindau (Bodensee)
67%
LK Dachau
66%
S Memmingen
64%
LK Oberallgäu
63%
S Amberg
62%
LK Amberg-Sulzbach
62%
LK Erding
61%
LK Freising
60%
LK Bad Tölz-Wolfratshausen
59%
LK Cham
59%
LK Ostallgäu
59%
S Straubing
59%
LK Straubing-Bogen
59%
LK Deggendorf
57%
LK Roth
56%
LK Starnberg
56%
LK Neustadt an der Aisch- Bad Windsheim
55%
LK Neustadt an der Waldnaab
55%
S Weiden in der Oberpfalz
55%
LK Fürstenfeldbruck
54%
LK Landsberg am Lech
53%
LK Traunstein
53%
S Kaufbeuren
52%
LK Dingolfing-Landau
51%
LK Unterallgäu
51%
LK Altötting
50%
LK Neumarkt in der Oberpfalz
48%
LK Eichstätt
47%
LK Kulmbach
46%
LK Pfaffenhofen an der Ilm
46%
LK Bad Kissingen
45%
LK Günzburg
45%
LK Freyung-Grafenau
44%
LK Miesbach
44%
S Schwabach
44%
LK Schwandorf
44%
LK Aichach-Friedberg
43%
LK Ebersberg
43%
LK Weilheim-Schongau
43%
LK Forchheim
42%
LK Kitzingen
42%
LK Tirschenreuth
42%
LK Kronach
41%
LK Main-Spessart
40%
LK Mühldorf am Inn
40%
LK Neuburg-Schrobenhausen
40%
LK Dillingen an der Donau
39%
LK Kelheim
39%
LK Lichtenfels
39%
LK Miltenberg
39%
LK Wunsiedel im Fichtelgebirge
39%
LK Weißenburg-Gunzenhausen
38%
LK Donau-Ries
37%
LK Haßberge
36%
LK Rottal-Inn
36%
LK Rhön-Grabfeld
33%
Keine übereinstimmenden Quizze gefunden
Verteilung der Resultate
Anzahl Personen mit jedem Resultat
Perzentil nach korrekt beantworteten Fragen
Ihre Resultats-Entwicklung
Sie haben dieses Quiz seit der letzten Aktualisierung nicht gespielt